000 00422cam a22001337a 4500
008 180718b1970 xxu||||| |||| 00| 0 eng d
082 _aT2x73 M49
245 _aThe Defence economy: conversion of industries and occupations to civilian needs
_cedited by Seymour Melman
260 _aNew York
_bPraeger
_c1970
300 _a528p.
650 _aDisarmament - U.S.A.
650 _aIndustry - U.S.A.
700 _aMelman, Seymour
999 _c350611
_d350611